Une petite cité caravanière, Suḫné /

محفوظ في:

المؤلف الرئيسي: Boucheman, Albert de (مؤلف)

التنسيق: كتاب

اللغة: French

منشور في: [Damas] : Institut français de Damas, [1937].

سلاسل: Documents d'études orientales ; 6.

الموضوعات:

الوسوم: إضافة وسم

لا توجد وسوم, كن أول من يضع وسما على هذه التسجيلة!

رقم الطلب: DS99 .S765 B68 1937

LEADER 00952namaa2200265 4500
001 12732
003 OSt
005 20260219104059.0
008 130303s1937 sy abef b 001 0 fre d
010 |a ac 37002071 
040 |c ARCE Library 
043 |a a-sy--- 
050 4 |a DS99 .S765 B68 1937 
100 1 |a Boucheman, Albert de,  |e author  |9 27097 
245 1 4 |a Une petite cité caravanière, Suḫné /  |c Albert de Boucheman. 
264 1 |a [Damas] :  |b Institut français de Damas,  |c [1937]. 
300 |a 138 pages, 11 leaves of plates (some folded) :  |b illustrations, maps, plans ;  |c 30 cm. 
490 1 |a Documents d'études orientales ;  |v 6. 
500 |a Plates I-II accompanied by transparent folded guard sheets with out-line drawings. 
504 |a Includes bibliographical references (pages [9]-10) and index. 
651 0 |a Sukhnah (Syria) 
830 0 |a Documents d'études orientales ;   |v 6. 
901 |a reviewed 
942 |c BK  |2 lcc 
999 |c 12914  |d 12914